Descendants - Statistics

General Stats
  • This quiz has been taken 774 times
  • The average score is 10 of 13
Answer Stats
Hint Answer % Correct
Who was Belle and Beast's son's girlfriend in the end? Mal
97%
Who is my favorite character? Mal
97%
Who is afraid of dogs? Carlos
94%
Who has a crush on Chad? Evie
92%
Who was Belle and Beast's son's girlfriend at the start? Audrey
91%
Where did the villains' kids' live at first? Isle of the Lost
88%
What was the first song in the movie? Rotten To The Core
85%
Who liked tourney? Jay
83%
Where did the spell wear off on Ben? Enchanted Lake
72%
Who is the son of Belle and Beast? Prince Ben
69%
Who sang the song in the credits? Shawn Mendes
54%
What was the song in the credits? Believe
48%
What did they need to steal? The Magic Wand
8%
No matching quizzes found
Score Distribution
Percent of People with Each Score
Percentile by Number Answered
Your Score History
You have not taken this quiz